banner-ar

ذو القرنين / (Record no. 61375)

MARC details
000 -الفاتح
حقل البيانات ثابتة الطول 00901nam a2200277 4500
005 - وقت وتاريخ اخر تعامل مع التسجيلة
رقم الضبط 20240530110456.0
008 - عناصر البيانات ثابتة الطول - معلومات عامة
حقل البيانات ثابتة الطول 150613s2011 ua g b 000 0 ara d
017 ## - رقم الايداع القانونى
رقم الايداع القانونى 2011/11850
المصدر ( الهيئة المختصة) مصر . دار الكتب المصرية
020 ## - الرقم الدولى المعيارى للكتب
الرقم الدولى المعيارى للكتاب 9789774362777
040 ## - مصدر الفهرسة
وكالة الفهرسة الأصلية EG-CaGPL
082 04 - رقم تصنيف ديوى العشرى
رقم الطبعة 21
رقم التصنيف 291.213\
رقم المادة إ ذ
100 0# - المدخل الرئيسى - إسم شخصى
الإسم الشخصى اسماعيل حامد
245 10 - بيان العنوان
العنوان ذو القرنين /
بيان المسئوليه,etc تاليف اسماعيل حامد
250 ## - بيان الطبعة
بيان الطبعة ط1
260 ## - PUBLICATION, DISTRIBUTION, ETC. (IMPRINT)
تاريخ النشر أو التوزيع 2011 .
300 ## - الوصف المادى
التعداد 130 ص ؛
أبعاد الوعاء 24 سم
504 ## - تبصرة ببليوجرافية
تبصرة ببليوجرافية,الخ ببليوجرافية : ص 119 - 126
600 04 - المدخل الاضافى بالموضوع-اسم شخصى
الإسم الشخصى كورش العظيم
600 04 - المدخل الاضافى بالموضوع-اسم شخصى
الإسم الشخصى الاسكندر الاكبر
600 04 - المدخل الاضافى بالموضوع-اسم شخصى
الإسم الشخصى اخناتون
650 04 - المدخل الاضافى بالموضوع-مصطلح موضوعى
مصطلح موضوعي ذوالقرنين
650 04 - المدخل الاضافى بالموضوع-مصطلح موضوعى
مصطلح موضوعي ياجوج وماجوج
650 04 - المدخل الاضافى بالموضوع-مصطلح موضوعى
مصطلح موضوعي الملوك
التقسيم الفرعي العام تاريخ
942 ## - عناصر المدخل الإضافي( كوها)
مصدر التصنيف او مخطط الترفيف Dewey Decimal Classification
Koha [default] item type كتاب
260 ## - PUBLICATION, DISTRIBUTION, ETC. (IMPRINT)
-- القاهرة :
-- مكتبة النافذة ،
Holdings
حالة التراجع حالة الفقد حالة تلف ليس للاعارة المكان المؤقت الموقع الحالى تاريخ الاكتساب اجمالي اﻻعارات رقم الطلب الباركود تاريخ اخر مشاهدة تاريخ تفعيل السعر نوع وعاء كوها
        مكتبة القاهرة الكبرى مكتبة القاهرة الكبرى 06/13/2015   291.213\ إ ذ 160666 06/13/2015 06/13/2015 كتاب

Powered By

EGPV